League of Legends Worlds 2014 Teams and Rosters - Statistics

General Stats
  • This quiz has been taken 8 times
  • The average score is 56 of 98
Answer Stats
Hint Answer % Correct
EU LCS #1 Alliance
100%
FNC Cyanide
100%
EU LCS #2 Fnatic
100%
ALL Froggen
100%
FNC Rekkles
100%
Korea #2 Samsung White
100%
EU LCS #3 SK Gaming
100%
FNC sOAZ
100%
FNC xPeke
100%
FNC YellOwStaR
100%
TSM Amazing
86%
C9 Balls
86%
TSM Bjergsen
86%
NA LCS #2 Cloud9
86%
SSB Deft
86%
TSM Dyrus
86%
China #1 EDward Gaming
86%
C9 Hai
86%
SSW imp
86%
C9 LemonNation
86%
SSW Mata
86%
Korea #1 Samsung Blue
86%
C9 Sneaky
86%
China #2 Star Horn Royal Club
86%
NA LCS #1 Team SoloMid
86%
EDG U
86%
SHR Uzi
86%
ALL Wickd
86%
TSM WildTurtle
86%
GPL #2 ahq e-Sports Club
71%
EDG Clearlove
71%
SSW Dandy
71%
WC #1 Dark Passage
71%
DP fabFabulous
71%
SHR inSec
71%
EDG Koro1
71%
SSW Looper
71%
C9 Meteos
71%
China #3 Oh My God
71%
ALL Tabzz
71%
TPA BeBe
57%
SSB Dade
57%
OMG Gogoing
57%
NWS GorillA
57%
DP HolyPhoenix
57%
OMG Loveling
57%
TSM Lustboy
57%
SSW PawN
57%
SK Svenskeren
57%
GPL #1 Taipei Assassins
57%
AHQ westdoor
57%
SSB Acorn
43%
SHR Cola
43%
OMG cool
43%
DP Crystal
43%
EDG Fzzf
43%
SK Gilius
43%
SSB Heart
43%
SK Jesiz
43%
NA LCS #3 LMQ
43%
Korea #3 NaJin White Shield
43%
EDG NaMei
43%
DP Naru
43%
SK nRated
43%
OMG san
43%
ALL Shook
43%
SSB Spirit
43%
DP Touch
43%
NWS Zefa
43%
SHR Zero
43%
TPA Achie
29%
LMQ ackerman
29%
SK CandyPanda
29%
OMG Cloud
29%
SHR corn
29%
OMG DaDa777
29%
SK fredy122
29%
NWS Ggoong
29%
TPA Jay
29%
WC #2 KaBuM! e-Sports
29%
KBM LEP
29%
KBM Minerva
29%
LMQ Mor
29%
TPA Morning
29%
LMQ NoName
29%
ALL Nyph
29%
NWS Save
29%
KBM TinOwns
29%
LMQ Vasilii
29%
NWS Watch
29%
TPA Winds
29%
LMQ XiaoWeiXiao
29%
KBM Danagorn
14%
KBM dans
14%
AHQ GarnetDevil
14%
AHQ GreenTea
14%
AHQ NAZ
14%
AHQ Prydz
14%
No matching quizzes found
Score Distribution
Percent of People with Each Score
Percentile by Number Answered
Your Score History
You have not taken this quiz